000 00832nam a22002537a 4500
999 _c18160
_d18160
003 AR-CdUCM
008 190513b ||||| |||| 00| 0 spa d
040 _aMUNICIPALIDAD PROVINCIAL DEL CUSCO
_cBIBLIOTECA MUNICIPAL DEL CUSCO
082 _a869.3 /
_bD89
100 _aDonoso, Armando
_935881
245 _aNuestros poetas :
_bantologĂ­a Chilena moderna /
260 _aSantiago de Chile :
_bNascimiento,
300 _a496 paginas ;
_c21 cm.
505 _aContenido : Novela
650 _aNovela Chilena
_99974
650 _aLiteratura Latinoamericana
_9799
650 _aPoetas chilenos
_914365
700 _aBarra, Eduardo de la
_938584
700 _aGonzales, Pedro Antonio
_938585
700 _aVarela, Abelardo
_938586
700 _aSanchez, Gustavo Valledor
_938587
942 _2ddc
_cLIBROS
945 _awnts
_d2019-05-13